¿Minería y Bienestar en el Perú? : (Record no. 23337)

000 -CABECERA
fixed length control field 01060nam a22002417i 4500
003 - IDENTIFICADOR DEL NÚMERO DE CONTROL
control field AR-CdUCM
008 - DATOS DE LONGITUD FIJA--INFORMACIÓN GENERAL
fixed length control field 250724b20142014 pe||||| |||| 00| 0 spa d
040 ## - FUENTE DE LA CATALOGACIÓN
Agencia/entidad que catalogó originalmente la obra MUNICIPALIDAD PROVINCIAL DEL CUSCO
Entidad que transcribió la catalogación BIBLIOTECA MUNICIPAL DEL CUSCO
082 ## - NÚMERO DE LA CLASIFICACIÓN DECIMAL DEWEY
No. de Clasificación 336.2783 / P83
Notacion interna P83
100 ## - ENTRADA PRINCIPAL--NOMBRE DE PERSONA
Nombre Personal Pozo Loayza, César
245 ## - MENCIÓN DE TÍTULO
Título ¿Minería y Bienestar en el Perú? :
Resto del título Evaluacion de impacto del esquema actual y esquemas alternativos de re-distribucion del Canon Minero elementos de discusion para el debate /
300 ## - DESCRIPCIÓN FÍSICA
Nº de Páginas Extensión 126 páginas. :
Dimensiones 24x17 cm.
505 ## - NOTA DE CONTENIDO CON FORMATO
Nota de contenido formateada Canon Minero en el Perú -- Evaluación de impacto -- Impacto en la oferta laboral -- Re-distribución del canon minero -- Escenarios de las micro-simulaciones
650 ## - PUNTO DE ACCESO ADICIONAL DE MATERIA--TÉRMINO DE MATERIA
Descriptor Canon minero
9 (RLIN) 51299
650 ## - PUNTO DE ACCESO ADICIONAL DE MATERIA--TÉRMINO DE MATERIA
Descriptor Economías locales
9 (RLIN) 51300
650 ## - PUNTO DE ACCESO ADICIONAL DE MATERIA--TÉRMINO DE MATERIA
Descriptor Consumo y pobreza
9 (RLIN) 51301
650 ## - PUNTO DE ACCESO ADICIONAL DE MATERIA--TÉRMINO DE MATERIA
Descriptor Desigualdad de ingresos
9 (RLIN) 51302
700 ## - PUNTO DE ACCESO ADICIONAL--NOMBRE DE PERSONA
Nombre Personal Guzman Pacheco, Esther -Paucarmayta Tacuri, Valerio
9 (RLIN) 51303
856 ## - LOCALIZACIÓN Y ACCESO ELECTRÓNICOS
Dirección electrónica www.cbc.org.pe
942 ## - ELEMENTOS DE PUNTO DE ACCESO ADICIONAL (KOHA)
Fuente de clasificación
Tipo de item Libros-BMC
945 ## - PROCESAMIENTO DE INFORMACIÓN LOCAL (OCLC)
Catalogador pbjr
AAAA-MM-DD - Fecha de ingreso o modificacion 24-07-2025
Holdings
Estado de retiro (separado) Fuente de clasificación o esquema de estanterías Estado dañado Ubicación Sala donde se ubica Nombre de la colección Fecha de adquisición o compra Fuente de adquisición Costo, precio normal en soles Signatura topográfica Código de Barras Última vez visto (Koha) Tipo de ítem (Koha)
No     Sala Humanidades Sala Humanidades Book Cart 2025-07-24 Depósito legal 10.00 336.2783 / P83 SH0000016947 2025-07-24 Libros-BMC

Powered by Koha